Risultati Serie A 2023-2024 - 19ª giornata - Statistics

Statistiche generali
  • Questo quiz è stato fatto 4 volte
  • Il punteggio medio è 4 su 10
Statistiche sulle risposte
Hint Risposta % Corretto
Torino-Napoli 3-0
75%
Empoli-Milan 0-3
50%
Roma-Atalanta 1-1
50%
Salernitana-Juventus 1-2
50%
Udinese-Lazio 1-2
50%
Inter-Verona 2-1
50%
Sassuolo-Fiorentina 1-0
25%
Bologna-Genoa 1-1
25%
Lecce-Cagliari 1-1
25%
Frosinone-Monza 2-3
25%
Nessun quiz corrispondente trovato
Distribuzione punteggi
Percentuale di utenti per punteggio
Percentile per numero di risposta
I tuoi punteggi nel tempo
Non hai fatto questo quiz